Normal view
MARC view
- الوطن العربي-وثائق
Entry Topical Term
001 - CONTROL NUMBER
- control field: 10455
003 - CONTROL NUMBER IDENTIFIER
- control field: JO-AjAnu
005 - DATE AND TIME OF LATEST TRANSACTION
- control field: 20230606071959.0
008 - FIXED-LENGTH DATA ELEMENTS
- fixed length control field: 230606|| aca||aabn | a|a d
040 ## - CATALOGING SOURCE
- Original cataloging agency: JO-AjAnu
- Transcribing agency: JO-AjAnu
150 ## - HEADING--TOPICAL TERM
- Topical term or geographic name entry element: الوطن العربي-وثائق
670 ## - SOURCE DATA FOUND
- Source citation: Work cat.: (JO-AjAnu)5382: قبيسي، محمد, author 10454, علم التوثيق والخفظ في الوطن العربي: كتاب يعالج دور الوثيقة في الوطن العربي